[Event "Madrid-chT 2425"]
[Site "Madrid"]
[Date "2025.02.09"]
[Round "9.2"]
[White "Gomez Gonzalez, Javier"]
[Black "Pulvett Marin, Daniel Eduardo"]
[Result "0-1"]
[WhiteElo "2093"]
[BlackElo "2467"]
[PlyCount "144"]
[GameId "2144219911575670"]
[EventDate "2024.11.24"]
[EventType "team-tourn"]
[EventRounds "14"]
[EventCountry "ESP"]
[SourceVersionDate "2011.03.15"]
[WhiteTeam "Alcala de Henares"]
[BlackTeam "Collado Villalba"]
[WhiteTeamCountry "ESP"]
[BlackTeamCountry "ESP"]

1. e4 c5 2. Nf3 d6 3. d4 cxd4 4. Nxd4 Nf6 5. Nc3 Nc6 6. Be2 e5 7. Nb3 Be7 8. Be3 O-O 9. O-O a5 10. a4 Be6 11. f4 d5 12. exd5 Nxd5 13. Nxd5 Bxd5 14. Bb5 exf4 15. Bxf4 Bf6 16. c4 Be4 17. Qxd8 Rfxd8 18. Rae1 Bd3 19. Rf3 Bxb2 20. Nc5 Bd4+ 21. Be3 Ne5 22. Rg3 Bc3 23. Rc1 Bb2 24. Nxd3 Rxd3 25. Rb1 Rxe3 26. Rxb2 Rxg3 27. hxg3 Rc8 28. Rd2 Kf8 29. Rd5 f6 30. Kf2 Ke7 31. Ke3 b6 32. Kd4 Nc6+ 33. Ke4 g6 34. c5 f5+ 35. Kf4 bxc5 36. Rxc5 Kd6 37. Rc1 Ne7 38. Rd1+ Nd5+ 39. Kg5 Rc3 40. Kh6 Ke5 41. Kxh7 Rxg3 42. Bc6 Ne3 43. Rd2 f4 44. Kg7 Nf5+ 45. Kf7 Nd4 46. Bd7 g5 47. Kg6 g4 48. Kh5 f3 49. gxf3 gxf3 50. Rd1 f2 51. Rf1 Rg2 52. Bh3 Rh2 53. Kg4 Nf5 54. Rc1 Rxh3 55. Kxh3 Ne3 56. Kg3 f1=Q 57. Rxf1 Nxf1+ 58. Kf2 Nd2 59. Ke2 Ne4 60. Kd3 Kd5 61. Kc2 Kc4 62. Kb2 Kb4 63. Ka2 Kxa4 64. Kb2 Kb4 65. Ka2 Nc5 66. Kb2 a4 67. Ka2 Nd3 68. Ka1 Kb3 69. Kb1 Nb4 70. Ka1 a3 71. Kb1 a2+ 72. Ka1 Nc2# 0-1

[Event "Madrid-chT 2425"]
[Site "Madrid"]
[Date "2025.02.09"]
[Round "9.3"]
[White "Suarez Uriel, Adrian"]
[Black "Nunez Miranda, Adrian"]
[Result "1-0"]
[WhiteElo "2396"]
[BlackElo "2119"]
[PlyCount "58"]
[GameId "2144225049434240"]
[EventDate "2024.11.24"]
[EventType "team-tourn"]
[EventRounds "14"]
[EventCountry "ESP"]
[SourceVersionDate "2011.03.15"]
[WhiteTeam "Collado Villalba"]
[BlackTeam "Alcala de Henares"]
[WhiteTeamCountry "ESP"]
[BlackTeamCountry "ESP"]

1. e4 c5 2. Nf3 Nc6 3. Nc3 Nf6 4. Bb5 g6 5. e5 Ng4 6. Bxc6 dxc6 7. O-O Bg7 8. Re1 O-O 9. h3 Nh6 10. d3 Nf5 11. Ne4 Nd4 12. Nxc5 Nxf3+ 13. Qxf3 Qa5 14. Qe3 Bh6 15. Qe4 Bxc1 16. Nb3 Qb6 17. Raxc1 a5 18. Qh4 a4 19. Nd2 Qxb2 20. Qh6 f5 21. Qh4 Qxa2 22. Qxe7 Qe6 23. Qb4 b5 24. c4 Rd8 25. Nf3 Rxd3 26. Ng5 Qe8 27. cxb5 cxb5 28. Rc7 Rd7 29. Qxb5 Kg7 1-0

[Event "Madrid-chT 2425"]
[Site "Madrid"]
[Date "2025.02.09"]
[Round "9.4"]
[White "Yanez Rodriguez, Wilbert"]
[Black "Ruiz Buendia, Miguel"]
[Result "1/2-1/2"]
[WhiteElo "2103"]
[BlackElo "2379"]
[PlyCount "52"]
[GameId "2144236578764940"]
[EventDate "2024.11.24"]
[EventType "team-tourn"]
[EventRounds "14"]
[EventCountry "ESP"]
[SourceVersionDate "2011.03.15"]
[WhiteTeam "Alcala de Henares"]
[BlackTeam "Collado Villalba"]
[WhiteTeamCountry "ESP"]
[BlackTeamCountry "ESP"]

1. c4 c6 2. Nf3 d5 3. b3 Bf5 4. g3 Nf6 5. Bg2 h6 6. O-O e6 7. d3 Be7 8. Bb2 O-O 9. Nbd2 Nbd7 10. a3 a5 11. Qb1 Bh7 12. b4 axb4 13. axb4 Qb6 14. Bc3 Rxa1 15. Qxa1 Bxb4 16. Bxb4 Qxb4 17. Rb1 Qd6 18. Rxb7 Nc5 19. Ra7 Ncd7 20. d4 c5 21. cxd5 exd5 22. dxc5 Nxc5 23. Ra8 Ne6 24. Rxf8+ Kxf8 25. Nd4 Nxd4 26. Qxd4 Qe7 1/2-1/2

[Event "Madrid-chT 2425"]
[Site "Madrid"]
[Date "2025.02.09"]
[Round "9.5"]
[White "Zhou Li, Lulu"]
[Black "Zavala Arevalo, Vicencio Noel"]
[Result "1-0"]
[WhiteElo "2171"]
[BlackElo "2045"]
[PlyCount "117"]
[GameId "2144238378449055"]
[EventDate "2024.11.24"]
[EventType "team-tourn"]
[EventRounds "14"]
[EventCountry "ESP"]
[SourceVersionDate "2011.03.15"]
[WhiteTeam "Collado Villalba"]
[BlackTeam "Alcala de Henares"]
[WhiteTeamCountry "ESP"]
[BlackTeamCountry "ESP"]

1. e4 c5 2. Nf3 a6 3. c4 d6 4. d4 cxd4 5. Nxd4 Nf6 6. Nc3 e6 7. Be2 Nc6 8. O-O Be7 9. Be3 Nxd4 10. Qxd4 e5 11. Qd2 Be6 12. Rac1 O-O 13. f3 Rc8 14. b3 Re8 15. Rfd1 Qa5 16. Nd5 Qxd2 17. Nxe7+ Rxe7 18. Rxd2 Ne8 19. Rcd1 Rec7 20. Bb6 Rc6 21. Ba5 Kf8 22. Bb4 Ke7 23. f4 f6 24. g3 b6 25. Kf2 a5 26. Ba3 a4 27. Bh5 g6 28. Bf3 Ra8 29. Bb4 Rb8 30. f5 Bf7 31. Be2 g5 32. h4 gxh4 33. gxh4 axb3 34. axb3 Ra8 35. h5 Ra7 36. h6 Rd7 37. c5 bxc5 38. Bb5 Rc8 39. Bxd7 Kxd7 40. Bc3 Bxb3 41. Rg1 Ra8 42. Rb2 c4 43. Rg8 Nc7 44. Rxa8 Nxa8 45. Ke3 Nb6 46. Rg2 d5 47. Rg7+ Kc6 48. exd5+ Nxd5+ 49. Kd2 e4 50. Bd4 e3+ 51. Bxe3 c3+ 52. Ke2 Bc4+ 53. Kf2 Bd3 54. Rxh7 Bxf5 55. Rf7 c2 56. Bd2 Bg6 57. h7 Bxh7 58. Rxh7 Nb4 59. Ke2 1-0

[Event "Madrid-chT 2425"]
[Site "Madrid"]
[Date "2025.02.09"]
[Round "9.6"]
[White "Candela Martin, Alvaro"]
[Black "Centeno Mendoza, Julio Stefano"]
[Result "0-1"]
[WhiteElo "2015"]
[BlackElo "2133"]
[PlyCount "112"]
[GameId "2144277195069612"]
[EventDate "2024.11.24"]
[EventType "team-tourn"]
[EventRounds "14"]
[EventCountry "ESP"]
[SourceVersionDate "2011.03.15"]
[WhiteTeam "Alcala de Henares"]
[BlackTeam "Collado Villalba"]
[WhiteTeamCountry "ESP"]
[BlackTeamCountry "ESP"]

1. e4 e5 2. Nf3 Nc6 3. Bb5 a6 4. Ba4 Nf6 5. O-O b5 6. Bb3 Bc5 7. c3 Bb6 8. d4 d6 9. dxe5 dxe5 10. Qxd8+ Nxd8 11. Nxe5 Bb7 12. Bg5 Ne6 13. Bxf6 gxf6 14. Ng4 Ke7 15. Bd5 c6 16. Bxe6 fxe6 17. Nd2 Rhg8 18. Ne3 Rad8 19. Rad1 Bxe3 20. fxe3 c5 21. g3 c4 22. Kf2 h5 23. Ke2 h4 24. Rg1 hxg3 25. Rxg3 Rxg3 26. hxg3 Rh8 27. Rf1 e5 28. b3 cxb3 29. axb3 Bc8 30. c4 bxc4 31. bxc4 Rd8 32. Ra1 Bg4+ 33. Nf3 Rb8 34. Ra2 Rb4 35. Rc2 a5 36. Kf2 Be6 37. Nd2 Kd6 38. Ke2 Kc5 39. Kd3 a4 40. Rc1 a3 41. Rc3 a2 42. Ra3 Bxc4+ 43. Kc3 Rb1 44. Ra5+ Kc6 45. Nxc4 a1=Q+ 46. Rxa1 Rxa1 47. Kd3 Rg1 48. Ke2 Rxg3 49. Kf2 Rh3 50. Kg2 Rh8 51. Nd2 Kc5 52. Nf1 Kc4 53. Ng3 Kd3 54. Kf2 Rh2+ 55. Ke1 Rh3 56. Nf5 Kxe4 0-1

[Event "Madrid-chT 2425"]
[Site "Madrid"]
[Date "2025.02.15"]
[Round "10.2"]
[White "Horcajuelo Rocamora, Martin"]
[Black "Ubilava, Elizbar"]
[Result "1-0"]
[WhiteElo "2367"]
[BlackElo "2399"]
[PlyCount "71"]
[GameId "2146295574325292"]
[EventDate "2024.11.24"]
[EventType "team-tourn"]
[EventRounds "14"]
[EventCountry "ESP"]
[SourceVersionDate "2011.03.15"]
[WhiteTeam "Alcorcon Diagonal"]
[BlackTeam "Villalba 64"]
[WhiteTeamCountry "ESP"]
[BlackTeamCountry "ESP"]

1. d4 Nf6 2. c4 e6 3. Nf3 b6 4. g3 Ba6 5. b3 Bb4+ 6. Bd2 Be7 7. Nc3 d5 8. Bg2 O-O 9. cxd5 exd5 10. O-O Nbd7 11. a3 Re8 12. Re1 c5 13. b4 h6 14. Rc1 cxb4 15. axb4 Bxb4 16. Qa4 Bxc3 17. Qxa6 Bxd2 18. Nxd2 Nf8 19. Nf3 Ng6 20. Rc2 Re7 21. Rec1 Ne8 22. h4 Nc7 23. Qd3 Ne6 24. h5 Ngf8 25. Ne5 Qd6 26. Rc6 Qd8 27. e3 f6 28. Ng6 Nxg6 29. hxg6 Nf8 30. Qb3 Nxg6 31. Bxd5+ Kh7 32. Be6 h5 33. Bf5 Qe8 34. Rc8 Rxc8 35. Rxc8 Qf7 36. Qd3 1-0

[Event "Madrid-chT 2425"]
[Site "Madrid"]
[Date "2025.02.15"]
[Round "10.3"]
[White "Garrido Dominguez, Jesus"]
[Black "Toncheva, Nadya"]
[Result "1/2-1/2"]
[WhiteElo "2398"]
[BlackElo "2311"]
[PlyCount "159"]
[GameId "2146297449109588"]
[EventDate "2024.11.24"]
[EventType "team-tourn"]
[EventRounds "14"]
[EventCountry "ESP"]
[SourceVersionDate "2011.03.15"]
[WhiteTeam "Villalba 64"]
[BlackTeam "Alcorcon Diagonal"]
[WhiteTeamCountry "ESP"]
[BlackTeamCountry "ESP"]

{[%evp 0,45,11,25,23,21,24,-2,0,-15,0,-4,5,2,1,-10,0,0,2,-1,0,22,9,0,24,4,15,9,5,-20,50,-21,23,60,-14,-7,6,0,-106,10,-119,3,5,13,22,66,14,1]} 1. e4 c5 2. Nf3 Nc6 3. b3 e5 4. Bb2 d6 5. Bc4 Be7 6. O-O Nf6 7. Re1 O-O 8. Nc3 a6 9. a4 h6 10. h3 Re8 11. Nh2 Bf8 12. Nf1 Rb8 13. Ne3 Nd4 14. d3 g6 15. Ne2 Nh5 16. Nxd4 cxd4 17. Qf3 Qf6 18. Qxf6 Nxf6 19. Nd5 Nxd5 20. Bxd5 Bd7 21. a5 Bc6 22. Bc4 Rbd8 23. f4 Kg7 24. c3 dxc3 25. Bxc3 f6 26. g3 exf4 27. gxf4 d5 28. exd5 Rxe1+ 29. Rxe1 Bxd5 30. d4 Bf7 31. Kg2 Bd6 32. Kf3 Rc8 33. Ke4 f5+ 34. Kd3 Bxf4 35. d5+ Kg8 36. Bb4 Bg5 37. d6 Bxc4+ 38. bxc4 Kf7 39. c5 Re8 40. Rb1 Re3+ 41. Kc4 Ke6 42. Bc3 Re4+ 43. Kd3 Kd5 44. Rxb7 Re3+ 45. Kc2 Kxc5 46. d7 Kc6 47. Rb6+ Kxd7 48. Rxa6 Rxh3 49. Rxg6 Rh2+ 50. Kd3 Ra2 51. a6 f4 52. Bd4 f3 53. a7 Bh4 54. Rg8 f2 55. Bxf2 Bxf2 56. a8=Q Rxa8 57. Rxa8 h5 58. Ke4 h4 59. Kd5 Kc7 60. Rh8 Bg3 61. Rh6 Bf2 62. Rf6 Bg3 63. Rf3 Bh2 64. Re3 Kd7 65. Ra3 Kc7 66. Ra4 Bg3 67. Rg4 Bf2 68. Rg7+ Kb6 69. Rg6+ Kc7 70. Rc6+ Kb7 71. Rc3 Kb6 72. Rc4 Bg3 73. Rc3 Bf2 74. Rc6+ Kb7 75. Rf6 Bg3 76. Kc5 h3 77. Rf7+ Kc8 78. Kc6 Kd8 79. Rh7 h2 80. Rxh2 1/2-1/2

[Event "Madrid-chT 2425"]
[Site "Madrid"]
[Date "2025.02.15"]
[Round "10.4"]
[White "Neagu, Roberto Florin"]
[Black "Pascual Palomo, Lucia"]
[Result "1-0"]
[WhiteElo "2197"]
[BlackElo "2093"]
[PlyCount "85"]
[GameId "2146398418919501"]
[EventDate "2024.11.24"]
[EventType "team-tourn"]
[EventRounds "14"]
[EventCountry "ESP"]
[SourceVersionDate "2011.03.15"]
[WhiteTeam "Alcorcon Diagonal"]
[BlackTeam "Villalba 64"]
[WhiteTeamCountry "ESP"]
[BlackTeamCountry "ESP"]

1. e4 e6 2. d4 d5 3. Nc3 dxe4 4. Nxe4 Nd7 5. Nf3 Ngf6 6. Nxf6+ Nxf6 7. Bg5 Be7 8. c3 a6 9. Bd3 c5 10. dxc5 Bxc5 11. Qe2 Bd7 12. Ne5 Qc7 13. Nxd7 Qxd7 14. O-O O-O-O 15. Rad1 Qc7 16. b4 Bd6 17. h3 h6 18. Bxf6 gxf6 19. a3 Kb8 20. c4 Rhg8 21. c5 Be5 22. Be4 Ka7 23. Rc1 f5 24. Bf3 Bf4 25. b5 axb5 26. Rb1 e5 27. Rxb5 e4 28. Rfb1 Rd7 29. Bxe4 fxe4 30. Qxe4 Bd2 31. Rxb7+ Qxb7 32. Rxb7+ Rxb7 33. c6 Rb6 34. Qd5 Bf4 35. Qxf7+ Ka6 36. Qxf4 Rb1+ 37. Kh2 Rc8 38. Qa4+ Kb6 39. Qd4+ Kc7 40. Qf4+ Kb6 41. Qf5 Rxc6 42. Qxb1+ Kc7 43. Qb5 1-0

[Event "Madrid-chT 2425"]
[Site "Madrid"]
[Date "2025.02.15"]
[Round "10.5"]
[White "Perez Bolanos, Joel"]
[Black "Lozano Ramirez, Nestor Favian"]
[Result "1/2-1/2"]
[WhiteElo "2072"]
[BlackElo "2232"]
[PlyCount "56"]
[GameId "2146400173146196"]
[EventDate "2024.11.24"]
[EventType "team-tourn"]
[EventRounds "14"]
[EventCountry "ESP"]
[SourceVersionDate "2011.03.15"]
[WhiteTeam "Villalba 64"]
[BlackTeam "Alcorcon Diagonal"]
[WhiteTeamCountry "ESP"]
[BlackTeamCountry "ESP"]

1. d4 g6 2. c4 Bg7 3. Nc3 c5 4. d5 d6 5. e4 Nf6 6. Be2 O-O 7. Nf3 e6 8. O-O Re8 9. h3 exd5 10. exd5 Bf5 11. Re1 Ne4 12. Nxe4 Bxe4 13. Ng5 h6 14. Nxe4 Rxe4 15. Bd3 Rxe1+ 16. Qxe1 Nd7 17. Bf4 Ne5 18. Bf1 g5 19. Bd2 Qf6 20. Bc3 Re8 21. Qd2 Kf8 22. Re1 Qf5 23. b4 b6 24. a4 cxb4 25. Bxb4 Qf6 26. a5 Rd8 27. axb6 axb6 28. Qe3 Nd7 1/2-1/2

[Event "Madrid-chT 2425"]
[Site "Madrid"]
[Date "2025.02.15"]
[Round "10.6"]
[White "Garcia Dorado, Alberto"]
[Black "Suarez Paz, Alfonso"]
[Result "1-0"]
[WhiteElo "2206"]
[BlackElo "1855"]
[PlyCount "57"]
[GameId "2146401222414427"]
[EventDate "2024.11.24"]
[EventType "team-tourn"]
[EventRounds "14"]
[EventCountry "ESP"]
[SourceVersionDate "2011.03.15"]
[WhiteTeam "Alcorcon Diagonal"]
[BlackTeam "Villalba 64"]
[WhiteTeamCountry "ESP"]
[BlackTeamCountry "ESP"]

1. d4 d5 2. c4 c6 3. Nc3 Nf6 4. e3 e6 5. Nf3 Bd6 6. Qc2 Nbd7 7. Be2 O-O 8. O-O Re8 9. Rd1 Nf8 10. Ne5 N6d7 11. Nxd7 Bxd7 12. e4 f6 13. exd5 exd5 14. cxd5 cxd5 15. Bf3 Bc6 16. Qb3 Qc7 17. g3 Rad8 18. Bxd5+ Kh8 19. Bxc6 Qxc6 20. d5 Qd7 21. Be3 a6 22. Kg2 Ng6 23. h3 Qc7 24. Bb6 Qd7 25. Bxd8 Qxd8 26. Re1 b5 27. Ne4 Ne5 28. Nxd6 Qxd6 29. f4 1-0

[Event "Madrid-chT 2425"]
[Site "Madrid"]
[Date "2025.02.15"]
[Round "10.1"]
[White "Elissalt Cardenas, Hector"]
[Black "Almeida Quintana, Omar"]
[Result "1/2-1/2"]
[WhiteElo "2310"]
[BlackElo "2486"]
[PlyCount "54"]
[GameId "2146404439443204"]
[EventDate "2024.11.24"]
[EventType "team-tourn"]
[EventRounds "14"]
[EventCountry "ESP"]
[SourceVersionDate "2011.03.15"]
[WhiteTeam "Tajamar"]
[BlackTeam "Collado Villalba"]
[WhiteTeamCountry "ESP"]
[BlackTeamCountry "ESP"]

1. e4 g6 2. d4 Bg7 3. Nc3 d6 4. Be3 a6 5. h4 h5 6. Qd2 Nf6 7. f3 b5 8. Nh3 Bxh3 9. gxh3 e5 10. dxe5 dxe5 11. Qxd8+ Kxd8 12. a4 b4 13. Na2 Nc6 14. Rd1+ Ke8 15. Nc1 Bh6 16. Bxh6 Rxh6 17. Nb3 Ke7 18. Rh2 Rhh8 19. a5 Rhd8 20. Rxd8 Nxd8 21. Nc5 Nc6 22. Nxa6 Ra7 23. Rd2 b3 24. cxb3 Nxa5 25. Rc2 Kd6 26. Rd2+ Ke7 27. Rc2 Kd6 1/2-1/2

[Event "Madrid-chT 2425"]
[Site "Madrid"]
[Date "2025.02.15"]
[Round "10.2"]
[White "Pulvett Marin, Daniel Eduardo"]
[Black "Abbasifar, Hasan"]
[Result "1-0"]
[WhiteElo "2467"]
[BlackElo "2308"]
[PlyCount "80"]
[GameId "2146407123023627"]
[EventDate "2024.11.24"]
[EventType "team-tourn"]
[EventRounds "14"]
[EventCountry "ESP"]
[SourceVersionDate "2011.03.15"]
[WhiteTeam "Collado Villalba"]
[BlackTeam "Tajamar"]
[WhiteTeamCountry "ESP"]
[BlackTeamCountry "ESP"]

1. e4 e5 2. Nf3 Nc6 3. Bc4 Bc5 4. c3 Qe7 5. b4 Bb6 6. d3 d6 7. O-O Nf6 8. Nbd2 a6 9. Bb3 Be6 10. a4 O-O 11. Nc4 Ba7 12. Bg5 h6 13. Bh4 Bxc4 14. Bxc4 Kh8 15. Qd2 Rg8 16. b5 Na5 17. Ba2 Bb6 18. Rfe1 g5 19. Bg3 Rad8 20. d4 Nh5 21. Nh4 Qf6 22. Nf5 Nf4 23. Rad1 Kh7 24. Kh1 axb5 25. axb5 Ne6 26. Qc2 Nf4 27. Re3 Ng6 28. Qe2 c6 29. Qh5 Nh8 30. Red3 exd4 31. cxd4 cxb5 32. Ne3 Qg6 33. Qxg6+ Nxg6 34. Nd5 Ba7 35. Nf6+ Kg7 36. Nxg8 Kxg8 37. Rb1 Nc6 38. Rxb5 Bxd4 39. Rxb7 Nge5 40. Bxe5 dxe5 1-0

[Event "Madrid-chT 2425"]
[Site "Madrid"]
[Date "2025.02.15"]
[Round "10.3"]
[White "Mkrtchyan, Levon"]
[Black "Suarez Uriel, Adrian"]
[Result "1/2-1/2"]
[WhiteElo "2265"]
[BlackElo "2396"]
[PlyCount "112"]
[GameId "2146410936530758"]
[EventDate "2024.11.24"]
[EventType "team-tourn"]
[EventRounds "14"]
[EventCountry "ESP"]
[SourceVersionDate "2011.03.15"]
[WhiteTeam "Tajamar"]
[BlackTeam "Collado Villalba"]
[WhiteTeamCountry "ESP"]
[BlackTeamCountry "ESP"]

1. e4 c5 2. Nf3 Nc6 3. d4 cxd4 4. Nxd4 Nf6 5. Nc3 d6 6. Bg5 Bd7 7. f4 Qb6 8. Nb3 e6 9. Qf3 a5 10. O-O-O a4 11. Nd2 Na5 12. f5 a3 13. b3 Be7 14. fxe6 fxe6 15. e5 dxe5 16. Bxf6 Bxf6 17. Nde4 O-O 18. Qh3 Be8 19. Rd6 Qb4 20. Bd3 Bg6 21. Qxe6+ Kh8 22. Rd1 Rac8 23. Nd5 Qd4 24. Ndxf6 Qe3+ 25. Kb1 gxf6 26. Qd5 Nc6 27. Rxf6 Rxf6 28. Nxf6 Rd8 29. Ng4 Qf4 30. Qf3 Qxf3 31. gxf3 Bxd3 32. Rxd3 Rxd3 33. cxd3 b5 34. Ne3 Nb4 35. Nc2 Nxd3 36. Nxa3 b4 37. Nc4 Kg7 38. Kc2 Ne1+ 39. Kd2 Nxf3+ 40. Ke3 Nxh2 41. Nxe5 Kf6 42. Kf4 h5 43. Nd3 Ng4 44. Nxb4 Ne5 45. Nd5+ Ke6 46. Nc7+ Kd6 47. Nb5+ Kd5 48. Nc3+ Kd4 49. Ne2+ Kd5 50. Kg5 Ke4 51. Kxh5 Kd3 52. a4 Kxe2 53. b4 Kd3 54. b5 Kc4 55. a5 Kxb5 56. a6 Kxa6 1/2-1/2

[Event "Madrid-chT 2425"]
[Site "Madrid"]
[Date "2025.02.15"]
[Round "10.4"]
[White "Ruiz Buendia, Miguel"]
[Black "Rodriguez Avila, Alvaro"]
[Result "1/2-1/2"]
[WhiteElo "2260"]
[BlackElo "2379"]
[PlyCount "97"]
[GameId "2146414316451664"]
[EventDate "2024.11.24"]
[EventType "team-tourn"]
[EventRounds "14"]
[EventCountry "ESP"]
[SourceVersionDate "2011.03.15"]
[WhiteTeam "Collado Villalba"]
[BlackTeam "Tajamar"]
[WhiteTeamCountry "ESP"]
[BlackTeamCountry "ESP"]

1. e4 c5 2. Nf3 d6 3. d4 cxd4 4. Nxd4 Nf6 5. Nc3 Nc6 6. Bg5 e6 7. Qd2 a6 8. O-O-O Bd7 9. Kb1 Nxd4 10. Qxd4 Be7 11. f3 Qc7 12. Qd2 b5 13. g4 Bc6 14. Be3 Nd7 15. Ne2 O-O 16. Nd4 Bb7 17. h4 Ne5 18. h5 d5 19. exd5 Bxd5 20. Be2 Rfd8 21. Qc1 Nc4 22. Bf4 Qb6 23. g5 Bc5 24. Nb3 Be3 25. Bxe3 Qxe3 26. Rhe1 Qxc1+ 27. Kxc1 Ne3 28. Rd4 Nxc2 29. Kxc2 Bxb3+ 30. Kd3 Bxa2 31. Ke3 Rxd4 32. Kxd4 Kf8 33. Ra1 Bd5 34. f4 Ke7 35. h6 g6 36. Ke5 Bb7 37. Rc1 Bd5 38. Rc7+ Kf8 39. b4 Bb3 40. Bf3 Rd8 41. Bb7 Bc4 42. Rc8 Rxc8 43. Bxc8 Ke7 44. Bxa6 Bf1 45. Bb7 Bc4 46. Bf3 Bf1 47. Bc6 Bc4 48. Bg2 Be2 49. Bc6 1/2-1/2

[Event "Madrid-chT 2425"]
[Site "Madrid"]
[Date "2025.02.15"]
[Round "10.5"]
[White "Rodriguez Lopez, David"]
[Black "Zhou Li, Lulu"]
[Result "1/2-1/2"]
[WhiteElo "2179"]
[BlackElo "2171"]
[PlyCount "139"]
[GameId "2146416323245911"]
[EventDate "2024.11.24"]
[EventType "team-tourn"]
[EventRounds "14"]
[EventCountry "ESP"]
[SourceVersionDate "2011.03.15"]
[WhiteTeam "Tajamar"]
[BlackTeam "Collado Villalba"]
[WhiteTeamCountry "ESP"]
[BlackTeamCountry "ESP"]

1. e4 e5 2. Nf3 Nc6 3. Bb5 a6 4. Ba4 Nf6 5. d3 d6 6. c3 g6 7. O-O Bg7 8. Re1 O-O 9. Nbd2 h6 10. Nf1 Nh5 11. d4 Bg4 12. Bxc6 bxc6 13. dxe5 dxe5 14. h3 Bd7 15. Ng3 Nf4 16. Be3 Qc8 17. Qd2 g5 18. Red1 Be6 19. Qc2 Kh7 20. Nf5 Bf6 21. Kh2 Re8 22. g3 Nd5 23. g4 Ne7 24. Rd2 Ng6 25. Rad1 Qb7 26. c4 Qb4 27. a3 Qb7 28. Ne1 Nf4 29. Nd3 Nxd3 30. Rxd3 a5 31. a4 Rab8 32. b3 Qa8 33. Bc1 Be7 34. Rf3 Bc5 35. Bb2 f6 36. Ng3 Rf8 37. Kg2 Rbd8 38. Bc3 Bb4 39. Bxb4 axb4 40. Rfd3 c5 41. f3 Rd4 42. Ne2 Rdd8 43. Kf2 Kg6 44. Ke3 h5 45. Rxd8 Rxd8 46. Rxd8 Qxd8 47. Qd2 Qh8 48. Ng1 hxg4 49. fxg4 Qh4 50. Qf2 Qh8 51. Qe1 Qd8 52. Nf3 Qh8 53. Qf1 Qd8 54. Qe2 Qb8 55. Ng1 Qd8 56. Qd2 Qd4+ 57. Qxd4 cxd4+ 58. Kd3 Kf7 59. Nf3 Ke7 60. Ne1 c5 61. Nf3 Bc8 62. Nh2 Ke6 63. Nf1 Ke7 64. Ng3 Ke6 65. Nf5 Bb7 66. a5 Bc8 67. h4 gxh4 68. Nxh4 Kd6 69. Nf5+ Ke6 70. Ke2 1/2-1/2

[Event "Madrid-chT 2425"]
[Site "Madrid"]
[Date "2025.02.16"]
[Round "10.1"]
[White "Candela Perez, Jose"]
[Black "Martinez Reyes, Pedro Ramon"]
[Result "1/2-1/2"]
[WhiteElo "2292"]
[BlackElo "2362"]
[PlyCount "38"]
[GameId "2146420529810099"]
[EventDate "2024.11.24"]
[EventType "team-tourn"]
[EventRounds "14"]
[EventCountry "ESP"]
[SourceVersionDate "2011.03.15"]
[WhiteTeam "Alcala de Henares"]
[BlackTeam "Blanco y Negro"]
[WhiteTeamCountry "ESP"]
[BlackTeamCountry "ESP"]

{[%evp 0,38,11,26,19,21,20,16,18,13,3,-36,3,-6,3,38,34,10,10,10,37,68,72,35,-102,26,31,24,-1,18,22,16,21,39,84,160,87,100,72,68,48]} 1. d4 d5 2. c4 c6 3. Nf3 Nf6 4. Nc3 dxc4 5. a4 Bf5 6. Ne5 e6 7. f3 Bb4 8. e4 Bxe4 9. fxe4 Nxe4 10. Bd2 Qxd4 11. Nxe4 Qxe4+ 12. Qe2 Bxd2+ 13. Kxd2 Qd5+ 14. Kc2 Na6 15. Nxc4 O-O 16. Qe5 f6 17. Qxd5 cxd5 18. Nd6 Rab8 19. Kb1 Nb4 1/2-1/2

[Event "Madrid-chT 2425"]
[Site "Madrid"]
[Date "2025.02.16"]
[Round "10.2"]
[White "Pinto, Daniel"]
[Black "Moreno Ibanez, Miguel"]
[Result "1-0"]
[WhiteElo "2331"]
[BlackElo "2167"]
[PlyCount "95"]
[GameId "2146421431917242"]
[EventDate "2024.11.24"]
[EventType "team-tourn"]
[EventRounds "14"]
[EventCountry "ESP"]
[SourceVersionDate "2011.03.15"]
[WhiteTeam "Blanco y Negro"]
[BlackTeam "Alcala de Henares"]
[WhiteTeamCountry "ESP"]
[BlackTeamCountry "ESP"]

{[%evp 0,40,14,12,20,25,18,32,9,5,31,23,17,7,1,-1,0,6,0,10,31,0,1,22,16,-22,-20,-26,-22,-4,1,12,-1,-20,-43,-30,19,41,13,-36,17,44,73]} 1. e4 c5 2. Nf3 e6 3. d4 cxd4 4. Nxd4 a6 5. Nc3 b5 6. g3 Bb7 7. Bg2 Nf6 8. Qe2 b4 9. Na4 h5 10. h3 Qc7 11. c4 Nc6 12. Nc2 Ne5 13. b3 h4 14. g4 Ng6 15. O-O Bd6 16. f3 Bc6 17. Nb2 Bc5+ 18. Kh1 Qg3 19. Qe1 Qxe1 20. Rxe1 a5 21. Nd3 Bb6 22. e5 Ng8 23. a3 bxa3 24. Rxa3 N8e7 25. Bb2 O-O 26. Nd4 f6 27. exf6 gxf6 28. Nxc6 Nxc6 29. f4 Rac8 30. f5 Nce5 31. Nxe5 Nxe5 32. Be4 Rfd8 33. Rd1 Kf7 34. g5 exf5 35. Bxf5 Rc5 36. Rd6 Rc6 37. Rd1 Re8 38. Be4 Rc7 39. Bd5+ Kg6 40. gxf6 d6 41. Bxe5 dxe5 42. Rf1 Rf8 43. Ra2 Be3 44. Rg2+ Kh6 45. Rf5 Bf4 46. Bf3 Bg3 47. Rh5+ Kg6 48. Rxh4 1-0

[Event "Madrid-chT 2425"]
[Site "Madrid"]
[Date "2025.02.16"]
[Round "10.3"]
[White "Gomez Gonzalez, Javier"]
[Black "Bolado Saez, Sergio"]
[Result "0-1"]
[WhiteElo "2093"]
[BlackElo "2311"]
[PlyCount "74"]
[GameId "2146423232690953"]
[EventDate "2024.11.24"]
[EventType "team-tourn"]
[EventRounds "14"]
[EventCountry "ESP"]
[SourceVersionDate "2011.03.15"]
[WhiteTeam "Alcala de Henares"]
[BlackTeam "Blanco y Negro"]
[WhiteTeamCountry "ESP"]
[BlackTeamCountry "ESP"]

1. e4 c5 2. Nf3 d6 3. d4 cxd4 4. Nxd4 Nf6 5. Nc3 a6 6. Be2 e6 7. O-O Nbd7 8. Be3 b5 9. f3 Bb7 10. Bd3 b4 11. Nce2 d5 12. exd5 Nxd5 13. Bf2 Bd6 14. Qd2 O-O 15. c4 bxc3 16. bxc3 Qc7 17. c4 Nf4 18. Bg3 Nxd3 19. Qxd3 Bxg3 20. hxg3 Ne5 21. Qc3 Nxc4 22. Nb3 Rac8 23. Rfd1 e5 24. Qb4 Ba8 25. Rac1 Qa7+ 26. Kh2 Ne3 27. Rxc8 Rxc8 28. Rc1 Rxc1 29. Nexc1 h6 30. Qd6 e4 31. Qd4 Nf1+ 32. Kh3 Qe7 33. fxe4 Qg5 34. g4 h5 35. e5 hxg4+ 36. Qxg4 Bxg2+ 37. Qxg2 Qh5# 0-1

[Event "Madrid-chT 2425"]
[Site "Madrid"]
[Date "2025.02.16"]
[Round "10.4"]
[White "Hidalgo Duque, Carlos"]
[Black "Yanez Rodriguez, Wilbert"]
[Result "1-0"]
[WhiteElo "2268"]
[BlackElo "2103"]
[PlyCount "95"]
[GameId "2146424751532816"]
[EventDate "2024.11.24"]
[EventType "team-tourn"]
[EventRounds "14"]
[EventCountry "ESP"]
[SourceVersionDate "2011.03.15"]
[WhiteTeam "Blanco y Negro"]
[BlackTeam "Alcala de Henares"]
[WhiteTeamCountry "ESP"]
[BlackTeamCountry "ESP"]

1. Nf3 Nf6 2. c4 g6 3. Nc3 Bg7 4. e4 d6 5. d4 O-O 6. Be2 c5 7. O-O cxd4 8. Nxd4 Nc6 9. Be3 Bd7 10. Qd2 Nxd4 11. Bxd4 Bc6 12. f3 a5 13. b3 Nd7 14. Be3 Nc5 15. Rab1 Be5 16. Rfd1 e6 17. Bd4 Qe7 18. Qe3 Rfd8 19. Bf1 Bxd4 20. Rxd4 e5 21. Rd2 Ne6 22. Rbd1 f5 23. exf5 gxf5 24. Bd3 f4 25. Qf2 Kh8 26. Be4 Nd4 27. Ne2 Ne6 28. Bd5 Bxd5 29. Rxd5 a4 30. Nc3 axb3 31. axb3 Nd4 32. Nb5 Nf5 33. R5d3 Ne3 34. Rxe3 fxe3 35. Qxe3 Ra2 36. h3 Rg8 37. Rd2 Ra1+ 38. Kh2 Rg6 39. f4 Rb1 40. f5 Rf6 41. Qd3 Ra1 42. Nxd6 Re1 43. Qg3 Rb1 44. c5 b6 45. Re2 Rf8 46. Rxe5 Qd7 47. f6 Rg8 48. Qxg8+ 1-0